000 00568 a2200181 4500
999 _c4462
_d4462
020 _a9781848607033
050 0 0 _aP96JEW2011
100 1 _aJewkes, Yvonne,
_d1966-
245 1 0 _aMedia and crime /
_cYvonne Jewkes.
264 1 _aLondon :
_bSAGE,
_c2011.
300 _aviii, 317 pages ;
504 _aIncludes bibliographical references (pages 291-305) and index.
650 0 _aCrime in mass media.
650 0 _aMass media and crime.
650 0 _aMass media and criminal justice.
942 _2lcc
_cBK
_h96
_iJEW
_kP